Ipuintxuak
Furkejuvvon:
| Váldodahkki: | |
|---|---|
| Materiálatiipa: | Girji |
| Giella: | euskara/baskagiella |
| Almmustuhtton: |
Santiago
Hispania
1947
|
| Fáttát: | |
| Fáddágilkorat: |
Lasit fáddágilkoriid
Eai fáddágilkorat, Lasit vuosttaš fáddágilkora!
|
MARC
| LEADER | 00000nam a2200000 a 4500 | ||
|---|---|---|---|
| 001 | UCG5615 | ||
| 003 | CL-VaPUC | ||
| 008 | 110310e19470000CL |||||||||||||||||baq|d | ||
| 082 | 0 | 4 | |a 860 |b LON |2 21 |
| 100 | |a Lontzi Abaren, Ormaetxea Tar |e autor |9 555297 | ||
| 245 | 1 | 0 | |a Ipuintxuak |
| 300 | |a 100 p | ||
| 942 | |c BK | ||
| 945 | |d 20110310 00:00:00 |a jcampos | ||
| 260 | |a Santiago |b Hispania |c 1947 | ||
| 650 | 0 | |a Literatura vasca |9 378264 | |
| 650 | 0 | |a Poesías vascas |9 492458 | |
| 583 | |a last modification |c 20110310 00:00:00 |k Rodrigo Vera | ||
| 999 | |c 344026 |d 344024 | ||
| 952 | |0 0 |1 0 |4 0 |6 860_000000000000000_LON_1947 |7 0 |8 X |9 441790 |a FDOBUD |b FDOBUD |d 2019-11-22 |i 4737156 |o 860 LON 1947 |p 4737156 |r 2019-11-22 |w 2019-11-22 |y BK_X |k BUD | ||